| 000 | 00708nam a22002295a 4500 | ||
|---|---|---|---|
| 008 | 150823r20081999xxua fr 001 0 eng d | ||
| 020 | _a8186308636 | ||
| 020 | _a9788186308639 | ||
| 040 |
_aEG-ScBUE _beng _cEG-ScBUE |
||
| 082 | 0 | 4 |
_a669.9 _bSIN _222 |
| 100 | 1 | _aSingh,Vijendra. | |
| 245 | 1 | 0 |
_aPhysical metallurgy / _cVijendra Singh. |
| 260 |
_aNew Delhi : _bA.K.Jain for Standard Publishers Distributors, _c2005. |
||
| 300 |
_a808 p. : _bill ; _c25 cm. |
||
| 500 | _aIndex : p. 795-808. | ||
| 590 | _aMohamed Hussein Reviewed by : Wessam | ||
| 650 |
_aPhysical metallurgy. _2BUEsh |
||
| 651 | _2BUEsh | ||
| 653 | _bENGMEC | ||
| 655 |
_vreading book _934232 |
||
| 942 |
_cBB _k669.9 SIN _2ddc |
||
| 999 |
_c2862 _d2862 |
||